| 000 | 02387nam0a2200397 4500 | ||
|---|---|---|---|
| 001 | RU\NLR\bibl\893363 | ||
| 005 | 20250614173345.0 | ||
| 010 |
_a5-98180-197-2 _91500 |
||
| 021 |
_aRU _b2005-67051 _93301 |
||
| 035 | _a(nilc)RSL-KNO-002755697 | ||
| 035 | _a(NLR Aleph) 000881847 | ||
| 090 |
_a1663890 _c1663890 |
||
| 100 | _a20051019d2005 |||y0rusy50 ca | ||
| 101 | 0 |
_arus _deng |
|
| 102 | _aRU | ||
| 105 | _aa ||||||||| | ||
| 106 | _ar | ||
| 200 | 1 |
_aTerra Universitatis _eдва века унив. культуры в Казани _fЕ. А. Вишленкова, С. Ю. Малышева, А. А. Сальникова |
|
| 210 |
_aКазань _cКазан. гос. ун-т _d2005 _gТип. ИЦ КГУ |
||
| 215 |
_a498 с. _cил., портр., факс. _d30 |
||
| 300 | _aНа 4-й с. обл. авт.: доктора ист. наук, профессора С.Ю. Малышева, А.А. Сальникова, Е.А. Вишленкова | ||
| 300 | _aРез. на англ. яз. | ||
| 601 | 0 | 2 |
_aКазанский государственный университет _xИстория _z1804 - 2004 _92414128 _3RU\NLR\auth\661438132 |
| 610 | 0 | _aКультура. Наука. Просвещение -- Народное образование. Педагогические науки -- Высшее образование. Педагогика высшей школы -- Высшее образование -- Российская Федерация -- Система высшего образования -- Университетское образование. Отдельные университеты -- Отдельные университеты -- Казанский университет -- История университета | |
| 686 |
_aЧ484(2)711.9Казанский.г,0 _2rubbk |
||
| 686 | _aЧ484(2)711.9-Казанский | ||
| 700 | 1 |
_aВишленкова _bЕ. А. _gЕлена Анатольевна _4070 |
|
| 701 | 1 |
_aМалышева _bС. Ю. _gСветлана Юрьевна _4070 |
|
| 701 | 1 |
_aСальникова _bА. А. _gАлла Аркадьевна _4070 |
|
| 801 | 0 |
_aRU _bRuMoRKP _c20051019 _grcr |
|
| 801 | 1 |
_aRU _bRuMoRGB _c20051019 |
|
| 801 | 2 |
_aRU _bNLR _c20051226 _grcr |
|
| 942 | _cBOOK | ||
| 980 | _aNB | ||
| 980 | _aNBR | ||